MARC details
| 000 -CABECERA |
| campo de control de longitud fija |
02629cam a2200325 i 4500 |
| 001 - NÚMERO DE CONTROL |
| campo de control |
991107415242906196 |
| 005 - FECHA Y HORA DE LA ÚLTIMA TRANSACCIÓN |
| campo de control |
20250612134919.0 |
| 007 - CAMPO FIJO DE DESCRIPCIÓN FÍSICA--INFORMACIÓN GENERAL |
| campo de control de longitud fija |
ta |
| 008 - DATOS DE LONGITUD FIJA--INFORMACIÓN GENERAL |
| campo de control de longitud fija |
241018t20242024enka 000 1 eng d |
| 020 ## - NÚMERO INTERNACIONAL ESTÁNDAR DEL LIBRO |
| Número Internacional Estándar del Libro |
9781639734481 |
| Información calificativa |
(hardcover) |
| 020 ## - NÚMERO INTERNACIONAL ESTÁNDAR DEL LIBRO |
| Número Internacional Estándar del Libro |
9781526675217 |
| Información calificativa |
(paperback) |
| 035 ## - NÚMERO DE CONTROL DEL SISTEMA |
| Número de control de sistema |
(OCoLC)1461837775 |
| Número de control cancelado/no válido |
(OCoLC)1419441093 |
| -- |
(OCoLC)1460686306 |
| -- |
(OCoLC)1464121500 |
| 035 ## - NÚMERO DE CONTROL DEL SISTEMA |
| Número de control de sistema |
(OCoLC)on1461837775 |
| 040 ## - FUENTE DE LA CATALOGACIÓN |
| Centro catalogador/agencia de origen |
GCmBT |
| Lengua de catalogación |
eng |
| Normas de descripción |
rda |
| -- |
rda |
| Centro/agencia transcriptor |
JQR |
| Centro/agencia modificador |
JQR |
| -- |
IK2 |
| -- |
OCLCO |
| -- |
OCLCQ |
| -- |
WC4 |
| -- |
MTG |
| -- |
OCLCO |
| -- |
JTH |
| -- |
YU6 |
| -- |
WZW |
| -- |
OCLCO |
| -- |
FTB |
| -- |
YDX |
| -- |
BDX |
| -- |
GK8 |
| -- |
LMJ |
| -- |
SDG |
| -- |
IG# |
| -- |
SDD |
| -- |
DEERP |
| -- |
MWD |
| -- |
AUNTL |
| -- |
JNA |
| -- |
VAJ |
| -- |
SINLB |
| -- |
MNX |
| -- |
IBI |
| -- |
CaOTV |
| 041 0# - CÓDIGO DE LENGUA |
| Código de lengua del texto/banda sonora o título independiente |
eng |
| 050 14 - SIGNATURA TOPOGRÁFICA DE LA BIBLIOTECA DEL CONGRESO |
| Número de clasificación |
PR6103.L375 |
| Número de documento/Ítem |
W66 2024 |
| 100 ## - ENTRADA PRINCIPAL--NOMBRE DE PERSONA |
| Nombre de persona |
Clarke, Susanna, |
| Término indicativo de función/relación |
author. |
| URI de un objeto del mundo real |
https://id.oclc.org/worldcat/entity/E39PBJj8MBwVBRFcktKgDtkqwC |
| 9 (RLIN) |
25387 |
| 245 14 - MENCIÓN DE TÍTULO |
| Título |
The wood at midwinter |
| Mención de responsabilidad, etc. |
/ Susanna Clarke ; illustrated by Victoria Sawdon. |
| 264 #1 - PRODUCCIÓN, PUBLICACIÓN, DISTRIBUCIÓN, FABRICACIÓN Y COPYRIGHT |
| Producción, publicación, distribución, fabricación y copyright |
London ; |
| -- |
New York : |
| Nombre del de productor, editor, distribuidor, fabricante |
Bloomsbury Circus, |
| Fecha de producción, publicación, distribución, fabricación o copyright |
2024 |
| 300 ## - DESCRIPCIÓN FÍSICA |
| Extensión |
60 pages : |
| Otras características físicas |
illustrations ; |
| Dimensiones |
21 cm |
| 520 ## - SUMARIO, ETC. |
| Sumario, etc. |
The Wood at Midwinter is a haunting, fable-like novella set in the days approaching Christmas. It centres on Merowdis Scott, a peculiar and saintly 19-year‑old who possesses an uncanny ability to converse with animals and trees.<br/><br/>One wintry afternoon, Merowdis takes her dogs—Pretty and Amandier—and her pig, Apple, for a walk in the woods. There, she encounters both a blackbird and a fox, and as dusk gathers, a mysterious presence emerges from the forest, forever altering her path <br/>waterstones.com<br/><br/>Through her communion with the woodland—described almost as a cathedral—Merowdis expresses her longing for a child born in midwinter, who might bring light amid darkness. The forest reveals to her a vision: she cradles a bear cub, rather than a baby, understanding that a true saint must face sacrifice. The fox cryptically remarks that Merowdis now “belongs to the wood”.<br/><br/>Her sister Ysolde returns and notices Merowdis’ disappearance and the abandoned bonnet. Merowdis eventually emerges, proclaiming that her child will come in a time of “cold and pain,” bringing joy. Yet, as she steps into the trees once more, Ysolde is left uncertain and frightened.<br/><br/>The tale closes with a church painting depicting Merowdis in black, bearing a bear cub—a symbol of her sacrifice and holiness. |
| 650 #0 - PUNTO DE ACCESO ADICIONAL DE MATERIA--TÉRMINO DE MATERIA |
| Término de materia o nombre geográfico como elemento de entrada |
Young women |
| Subdivisión de forma |
Fiction |
| 9 (RLIN) |
24099 |
| 650 #0 - PUNTO DE ACCESO ADICIONAL DE MATERIA--TÉRMINO DE MATERIA |
| Término de materia o nombre geográfico como elemento de entrada |
Coming of age |
| Subdivisión de forma |
Fiction. |
| 650 #0 - PUNTO DE ACCESO ADICIONAL DE MATERIA--TÉRMINO DE MATERIA |
| Término de materia o nombre geográfico como elemento de entrada |
Human-animal relationships. |
| 9 (RLIN) |
25176 |
| 650 #0 - PUNTO DE ACCESO ADICIONAL DE MATERIA--TÉRMINO DE MATERIA |
| Término de materia o nombre geográfico como elemento de entrada |
Outdoor life |
| 9 (RLIN) |
25388 |
| 650 #0 - PUNTO DE ACCESO ADICIONAL DE MATERIA--TÉRMINO DE MATERIA |
| Término de materia o nombre geográfico como elemento de entrada |
Magic |
| Subdivisión de forma |
Fiction. |
| 9 (RLIN) |
24059 |
| 655 #0 - TÉRMINO DE INDIZACIÓN--GÉNERO/FORMA |
| Datos o término principal de género/forma |
Fantasy fiction. |
| 9 (RLIN) |
22510 |
| 700 ## - ENTRADA AGREGADA--NOMBRE PERSONAL |
| Nombre de persona |
Sawdon, Victoria, |
| Fechas asociadas al nombre |
1972- |
| Término indicativo de función/relación |
illustrator. |
| 942 ## - ELEMENTOS DE ENTRADA AGREGADA (KOHA) |
| Fuente del sistema de clasificación o colocación |
Clasificación de Library of Congress |